00665nam a2200193Ia 450000500170000000800410001702000180005804000180007604100080009408200210010210000160012324500770013925000120021626000660022830000310029465000560032565000320038165000580041320230207115337.0210716s2009 xx 000 0 und d a9780070667648 cAIMIT LIBRARY aeng a005.41 22bKAMR aKamal, Raj. aEmbedded systems :barchitecture programming and design /cBy Raj Kamal. a2nd ed. aNew Delhi :bTata McGraw Hill Publishing Company Ltd ,c2009. axxii,681 p.;bPBc24.5 cm. aDevices and communication buses for devices network aReal time operating systems aTesting simulation and debugging techniques and tools